Phương pháp tính
Cung cấp một số thuật toán cơ bản về số gần đúng và sai số, phương trình phi tuyến, hệ phương trình đại số tuyến tính, nội suy và xấp xỉ hàm, đạo hàm và tích phân, phương trình vi phân... để ứng dụng trong kĩ thuật...
Na minha lista:
| Autor principal: | |
|---|---|
| Outros Autores: | |
| Formato: | Livro |
| Idioma: | Undetermined |
| Publicado em: |
Tp. Hồ Chí Minh
Đại học Quốc gia Tp. Hồ Chí Minh
2014
|
| Assuntos: | |
| Acesso em linha: | http://lrc.tdmu.edu.vn/opac/search/detail.asp?aID=2&ID=24231 |
| Tags: |
Adicionar Tag
Sem tags, seja o primeiro a adicionar uma tag!
|
| Thư viện lưu trữ: | Trung tâm Học liệu Trường Đại học Thủ Dầu Một |
|---|
| LEADER | 01055nam a2200217Ia 4500 | ||
|---|---|---|---|
| 001 | TDMU_24231 | ||
| 008 | 210410s9999 xx 000 0 und d | ||
| 082 | |a 620.00151 | ||
| 090 | |b L250 | ||
| 100 | |a Lê, Thái Thanh | ||
| 245 | 0 | |a Phương pháp tính | |
| 245 | 0 | |c Lê Thái Thanh | |
| 260 | |a Tp. Hồ Chí Minh | ||
| 260 | |b Đại học Quốc gia Tp. Hồ Chí Minh | ||
| 260 | |c 2014 | ||
| 300 | |a 125tr. | ||
| 520 | |a Cung cấp một số thuật toán cơ bản về số gần đúng và sai số, phương trình phi tuyến, hệ phương trình đại số tuyến tính, nội suy và xấp xỉ hàm, đạo hàm và tích phân, phương trình vi phân... để ứng dụng trong kĩ thuật | ||
| 650 | |a Toán |x Phương pháp tính | ||
| 700 | |a Đại học Quốc gia Thành phố Hồ Chí Minh | ||
| 856 | |u http://lrc.tdmu.edu.vn/opac/search/detail.asp?aID=2&ID=24231 | ||
| 980 | |a Trung tâm Học liệu Trường Đại học Thủ Dầu Một | ||